000 00420nam a2200157 i 4500
001 135526
003 ES-MaACL
007 t|
008 070719s1984 sp ||||1| spa d
020 _a84-7399-090-0
100 1 _aTorrent Franz, J.
_9110836
245 1 0 _aFísica básica /
_cJ. Torrent Franz.
260 _aMadrid :
_bLibrería ICAI,
_c1984.
300 _a384 p. ;
_c24 cm.
852 _aES-MaACL
_jL-9052
_bR.109183
999 _c135526
_d135526